| 000 | 01017nam a22002657i 4500 | ||
|---|---|---|---|
| 999 |
_c200429041 _d46965 |
||
| 003 | TR-AnTOB | ||
| 005 | 20190902225944.0 | ||
| 008 | 180301s2017 xxua|||e |||| 01| 0 tur d | ||
| 040 |
_aTR-AnTOB _beng _erda _cTR-AnTOB |
||
| 041 | _atur | ||
| 041 | _aeng | ||
| 050 | 0 | _aD521 | |
| 090 |
_aD521 _b.B57 2017b |
||
| 245 |
_aBirinci dünya savaşı belgeleri (sempozyum bildirileri) = _bDocuments of the first world war (symposium proceedings) / _cT.C. Başbakanlık Devlet Arşivleri Genel Müdürlüğü Osmanlı Arşivi Daire Başkanlığı. |
||
| 264 | 1 |
_aİstanbul : _bBaşbakanlık Devlet Arşivleri Genel Müdürlüğü, _c2017. |
|
| 300 |
_a309 pages ; _billüstrations, _c31 cm |
||
| 336 |
_atext _2rdacontent |
||
| 337 |
_aunmediated _2rdamedia |
||
| 338 |
_avolume _2rdacarrier |
||
| 590 | _aDonated by"T.C. Başbakanlık Devlet Arşivleri Genel Müdürlüğü" | ||
| 650 | 0 |
_aWorld War, 1914-1918 _924370 |
|
| 650 | 0 |
_aDünya Savaşı, 1914-1918 _96428 |
|
| 942 |
_2lcc _cBK |
||